[Event "EICC 2017"]
[Site "Minsk"]
[Date "2017.06.10"]
[Round "11"]
[White "Jobava, Baadur"]
[Black "Matlakov, Maxim"]
[Result "1/2-1/2"]
[WhiteElo "2713"]
[BlackElo "2714"]
[Annotator "TA"]
[PlyCount "97"]
[EventDate "2017.??.??"]
[EventCountry "BLR"]
[SourceTitle "playchess.com"]
[Source "ChessBase"]
[SourceQuality "1"]

{[%evp 12,97,-5,-15,-13,-46,-40,-32,-26,-38,-36,-40,-23,-31,-22,-28,-5,-8,-9,-10,-13,-10,-14,-13,0,-10,0,0,0,-8,0,-14,-16,-10,0,0,10,15,15,0,0,-10,0,-8,0,0,0,-15,-28,-32,0,0,41,48,45,0,16,20,47,16,17,14,17,0,109,80,150,106,150,79,83,61,83,70,146,34,34,42,38,48,34,30,26,25,69,11,10,0]} 1. e4 e5 2. Nf3 Nc6 3. c3 Nf6 4. d3 d5 5. Qc2 a5 6. Be2 {C44: Ponziani Opening and Scotch Gambit} Bc5 7. O-O {LiveBook: 5 Games} O-O 8. a4 h6 9. Na3 Re8 10. h3 $146 ({Predecessor:} 10. Nb5 Bf8 11. Be3 g6 12. Rad1 Bg7 13. Rfe1 b6 {1-0 (30) Blomqvist,E (2521)-Berg,E (2543) Vaxjo 2015}) 10... Be6 11. Re1 Qd7 {Strongly threatening ...Bxh3!} 12. Bf1 Rad8 13. Nb5 Bb6 14. Be3 Bxe3 15. Rxe3 Qe7 16. Ree1 dxe4 17. dxe4 Rd7 18. Rad1 Red8 19. Rxd7 Rxd7 20. Na3 Rd8 21. Bb5 Qc5 22. Qe2 Ne8 23. Bc4 {next Bxe6 is good for White.} Bxc4 24. Nxc4 Nd6 25. Na3 b6 26. h4 Nb7 27. Qa6 Nd6 28. Qe2 Nb7 29. Nb5 (29. Qa6 $5 {[%cal Ra6b7]} Nd6 30. Rd1 $11) 29... Qe7 30. Rd1 Nc5 31. Rd5 Rxd5 32. exd5 Nb8 33. b4 axb4 34. cxb4 Ncd7 $1 35. Qe4 Na6 36. d6 $36 {[%mdl 2048] White is pushing.} cxd6 37. Nc3 Qe6 (37... Qd8 $1 $11) 38. Nd2 f5 (38... Nc7 $142) 39. Qa8+ $16 Nab8 40. a5 (40. Nd5 $142) 40... bxa5 41. bxa5 {[#] And now a6 would win.} d5 42. Nxd5 Kf7 (42... Kh7 $14) 43. Nc4 (43. Nb6 $16) 43... Qc6 $14 44. Qxc6 Nxc6 45. a6 Na7 $1 46. h5 Nc5 47. Nb4 Kf6 48. Kh2 (48. f3 $14) 48... e4 $11 49. f4 {Precision: White = 51%, Black = 45%.} 1/2-1/2

[Event "EICC 2017"]
[Site "Minsk"]
[Date "2017.06.10"]
[Round "11"]
[White "Leko, Peter"]
[Black "Svane, Rasmus"]
[Result "1/2-1/2"]
[WhiteElo "2703"]
[BlackElo "2573"]
[Annotator "TA"]
[PlyCount "86"]
[EventDate "2017.??.??"]
[EventCountry "BLR"]
[SourceTitle "playchess.com"]
[Source "ChessBase"]
[SourceQuality "1"]

{[%evp 25,86,0,8,9,22,0,7,0,37,35,30,36,32,24,24,26,40,31,30,0,0,0,0,0,0,0,35,30,72,83,83,83,83,83,83,83,83,61,83,61,83,61,59,0,7,0,54,54,81,54,54,54,54,54,55,48,48,0,55,48,55,0,55]} 1. e4 {[%cal Be2e4,Be4e5][%mdl 32]} e6 2. d4 d5 3. Nc3 Nf6 4. e5 Nfd7 5. f4 c5 6. Nf3 Nc6 7. Be3 a6 8. Qd2 b5 9. Nd1 {C11: French: Classical System: 4 e5 and 4 Bg5 dxe4} cxd4 (9... Qb6 10. c3 cxd4 11. cxd4 Bb4 12. Nc3 Na5 13. Bd3 Nc4 14. Bxc4 bxc4 15. O-O f5 16. b3 Qc6 17. a3 Ba5 18. b4 Bd8 19. Bf2 Nf8 20. Bh4 Bb6 21. a4 {½-½ (21) Predojevic,B (2640)-Buhmann,R (2633) Germany 2017}) 10. Nxd4 Nxd4 11. Bxd4 Bc5 12. c3 Qb6 13. Be2 O-O {LiveBook: 3 Games} 14. O-O a5 15. Nf2 Ba6 16. Qe3 Rac8 $146 ({Predecessor:} 16... b4 17. Bxa6 Bxd4 18. cxd4 Qxa6 {1-0 (33) Muminova,N (2338)-Suede,M (1949) Olongapo City 2010}) 17. a3 Bxd4 18. cxd4 Nb8 19. b4 Nc6 20. Rfd1 $1 axb4 21. axb4 Bb7 ({Reject} 21... Nxb4 $6 22. Qa3 $16) 22. Rab1 Ne7 23. Qd2 Rc4 24. Ng4 Rfc8 25. Ne3 Rc3 26. Ra1 Nf5 27. Nxf5 exf5 28. Ra5 Rc2 29. Qe1 R2c4 30. Bxc4 dxc4 31. Qc3 h6 32. h3 Be4 33. Kh2 Rd8 34. Qa3 (34. Qb2 $14) 34... Qg6 {[%csl Ge4][%cal Rg6g2] [#]} 35. Qg3 (35. Qa2 {feels hotter.} Qh5 36. Re1 c3 37. Qf2 c2 38. Raa1) 35... Qc6 (35... Qxg3+ $11 36. Kxg3 c3) 36. Ra3 $14 Qd5 37. Rd2 Rc8 {[%cal Bd8c8,Bc8c6,Bc6g6][%mdl 32]} 38. Qc3 Rc6 39. Qb2 Rg6 40. Re3 Ra6 41. Ra3 Rg6 $1 42. Qa2 Qc6 43. Qb2 Qd5 $1 {Precision: White = 54%, Black = 61%.} 1/2-1/2

[Event "EICC 2017"]
[Site "Minsk"]
[Date "2017.06.10"]
[Round "11"]
[White "Rodshtein, Maxim"]
[Black "Zhigalko, Sergei"]
[Result "1/2-1/2"]
[WhiteElo "2698"]
[BlackElo "2643"]
[Annotator "TA"]
[PlyCount "25"]
[EventDate "2017.??.??"]
[EventCountry "BLR"]
[SourceTitle "playchess.com"]
[Source "ChessBase"]
[SourceQuality "1"]

{[%evp 24,25,27,0]} 1. d4 Nf6 2. c4 e6 3. g3 c5 4. d5 exd5 5. cxd5 d6 6. Nc3 g6 7. Bg2 Bg7 8. Nf3 O-O 9. O-O Re8 10. Bf4 Bf5 11. Nh4 Bc8 12. Nf3 $146 ({Predecessor:} 12. Qd2 a6 13. a4 Qe7 14. h3 Nbd7 15. e4 Rb8 16. Nf3 b5 17. axb5 axb5 18. Rfe1 {½-½ (47) Inarkiev,E (2727)-Harikrishna,P (2750) Moscow 2017}) 12... Bf5 {A62: Modern Benoni: Fianchetto Variation without early ...Nbd7} 13. Nh4 {LiveBook: 27 Games} 1/2-1/2

[Event "EICC 2017"]
[Site "Minsk"]
[Date "2017.06.10"]
[Round "11"]
[White "Fedoseev, Vladimir"]
[Black "Jakovenko, Dmitry"]
[Result "1-0"]
[WhiteElo "2690"]
[BlackElo "2718"]
[Annotator "TA"]
[PlyCount "89"]
[EventDate "2017.??.??"]
[EventCountry "BLR"]
[SourceTitle "playchess.com"]
[Source "ChessBase"]
[SourceQuality "1"]

{[%evp 13,89,24,14,-14,-7,-8,-10,-13,-14,-10,18,11,29,12,19,8,19,6,0,0,0,0,4,14,17,3,65,54,55,55,91,84,82,86,118,81,80,87,95,95,95,93,94,89,83,94,86,94,93,68,68,65,83,77,79,71,112,67,112,111,126,98,128,109,146,158,135,130,159,153,202,200,235,227,329,320,318,312]} 1. d4 Nf6 2. c4 e6 3. Nf3 d5 4. Nc3 Be7 5. Bf4 O-O 6. e3 Nbd7 7. Qc2 c5 8. cxd5 {D37: Queen's Gambit Declined: 5 Bf4} (8. Rd1 cxd4 9. Rxd4 Qa5 10. Bg3 b5 11. cxb5 Bb7 12. Bd3 Nc5 13. Ne5 Rfc8 14. O-O Nxd3 15. Qxd3 a6 {½-½ (58) Inarkiev,E (2660)-Aronian,L (2784) Skopje 2015}) 8... Nxd5 9. Nxd5 exd5 10. Bd3 {The position is equal.} h6 11. dxc5 Nxc5 12. O-O {[%cal Bh1f1,Bf1d1,Bd1d3][%mdl 32]} Bg4 13. Bf5 Bxf3 14. gxf3 Ne6 15. Bg3 $146 ({Predecessor:} 15. Bxh6 Rc8 {1-0 (64) Arvind,S (2261)-Sudarshan,M (2089) New Delhi 2015}) 15... Qb6 16. Rfd1 Rfd8 17. Be5 Rac8 18. Qe2 Rc6 19. f4 Nc7 (19... Nc5 $11) 20. Rd3 $36 {[%mdl 2048] White has the initiative.} Bf6 21. Rb3 Qa6 22. Qxa6 bxa6 23. Rb7 Nb5 24. Rd7 Rxd7 25. Bxd7 Rc5 26. Bxf6 gxf6 $16 {[%mdl 4096] Endgame KRB-KRN} 27. Rd1 Nc7 28. Ba4 a5 29. Rd2 Kf8 30. Kg2 Ke7 31. Kf3 f5 32. Kg3 Rc1 33. Bb3 Ke6 34. Kh4 Rg1 35. h3 Rg2 36. Bd1 Kd6 37. Bf3 Rg6 38. Rc2 Rg1 39. Bh5 Rg7 40. Be2 Ne6 41. Bd3 d4 42. Bxf5 dxe3 43. fxe3 {[%cal Bf2e3,Be3e4][%mdl 32]} Nc5 (43... Rg1 $142 44. Rd2+ Kc6 45. Be4+ Kc7) 44. Rd2+ $18 Kc6 45. e4 {Precision: White = 73%, Black = 47%.} 1-0

[Event "EICC 2017"]
[Site "Minsk"]
[Date "2017.06.10"]
[Round "11"]
[White "Mamedov, Rauf"]
[Black "Kunin, Vitaly"]
[Result "0-1"]
[WhiteElo "2689"]
[BlackElo "2551"]
[Annotator "TA"]
[PlyCount "106"]
[EventDate "2017.??.??"]
[EventCountry "BLR"]
[SourceTitle "playchess.com"]
[Source "ChessBase"]
[SourceQuality "1"]

{[%evp 15,106,35,31,35,50,51,50,42,45,37,63,43,75,12,52,35,39,45,39,39,66,33,58,54,49,51,60,35,65,55,48,69,69,43,68,0,34,0,0,-27,22,0,8,-16,0,-54,-55,-73,-38,-42,-67,-88,-82,-76,-75,-83,-72,-85,-71,-152,-139,-217,-209,-305,-272,-391,-397,-390,-375,-372,-252,-253,-257,-400,-416,-433,-424,-654,-639,-597,-437,-443,-429,-1506,-1247,-1181,-680,-1252,-1162,-2029,-4718,-2313,-1911]} 1. e4 d6 2. d4 Nf6 3. Nc3 e5 4. Nf3 Nbd7 5. Bc4 Be7 6. O-O O-O 7. a4 exd4 {C41: Philidor Defence} (7... a5 8. Qe2 c6 9. Rd1 Qc7 10. Ba2 Nb8 11. h3 Na6 12. Be3 Nd7 13. Re1 exd4 14. Bxd4 Ndc5 15. Bc4 Re8 16. Rad1 h6 17. Nd2 Bf8 {1-0 (44) Najer,E (2659)-Jobava,B (2701) Moscow 2017}) 8. Nxd4 Ne5 {LiveBook: 11 Games} 9. Bb3 Bg4 {White is slightly better.} 10. f3 Bd7 11. Be3 Re8 $146 ({Predecessor:} 11... h6 12. h3 Ne8 13. f4 Ng6 14. Qh5 Kh7 {1-0 (27) Ramon Solans,A (2124)-Saurina Suner,F (1798) Catalunya 2008}) 12. h3 Bf8 13. Qd2 c6 14. Rae1 (14. f4 $16 Ng6 15. Nf3) 14... a6 15. f4 Ng6 16. Nf3 Be6 17. Bxe6 fxe6 18. Qf2 d5 19. e5 {[#] Black must now prevent Bb6.} Nd7 $1 20. Ne2 {[%cal Bc3e2,Be2g3,Bg3h5][%mdl 32]} Qa5 21. b3 Nc5 22. Ng3 Be7 $1 23. Rb1 Nd7 $1 24. Nh5 Qc7 25. g4 (25. c4 $14) 25... Rf8 26. Qg3 Rae8 27. Kh1 a5 28. Rbe1 (28. Nd4 $5 {[%cal Rd4e6]} Nc5 29. Qg2 $11) 28... b5 29. Ra1 b4 30. Rae1 (30. Nd4 $1 $11 Bc5 31. Ne2) 30... c5 $15 {[%cal Bc6c5,Bc5c4][%mdl 32]} 31. Bd2 c4 32. f5 exf5 {aiming for ...Ndxe5!} 33. e6 f4 34. Bxf4 Nxf4 35. exd7 Qxd7 36. Nxf4 {[#] Ne6 is the strong threat.} Bd6 37. Rxe8 (37. Nd4 $142 Rxe1 38. Qxe1 Rxf4 39. Rxf4 Bxf4 40. Qe2) 37... Qxe8 $17 38. Nh4 (38. Re1 $17 Bxf4 39. Rxe8 Bxg3 40. Rxf8+ Kxf8 41. Kg2) 38... Qe4+ $19 39. Nhg2 (39. Qg2 {only move.} Rxf4 40. Rxf4 Bxf4 41. Qxe4 dxe4 42. Nf5) 39... g5 40. Re1 (40. Qf3 $142) 40... Rxf4 ({Not} 40... gxf4 41. Qf2 $17) 41. Qe3 Qxe3 42. Nxe3 cxb3 43. cxb3 {[%mdl 4096] Endgame KRB-KRN} Rf3 44. Nf5 (44. Kg2 $142 Rg3+ 45. Kf1) 44... Bc5 45. Re8+ Kf7 {Black is clearly winning.} 46. Ra8 (46. Rc8 $142 Rxh3+ 47. Kg2) 46... Rxb3 47. Rxa5 Rc3 48. Rb5 d4 {[%cal Bd5d4,Bd4d3][%mdl 32]} 49. Kg2 (49. Nxd4 $142 Bxd4 50. Rxb4 Rxh3+ 51. Kg2) 49... d3 50. Kf3 Rc1 51. Rb7+ Ke6 {And now ...d2 would win.} 52. Ng7+ Ke5 53. Rd7 b3 {Precision: White = 38%, Black = 54%.} 0-1

[Event "EICC 2017"]
[Site "Minsk"]
[Date "2017.06.10"]
[Round "11"]
[White "Cheparinov, Ivan"]
[Black "Navara, David"]
[Result "1/2-1/2"]
[WhiteElo "2688"]
[BlackElo "2739"]
[Annotator "TA"]
[PlyCount "55"]
[EventDate "2017.??.??"]
[EventCountry "BLR"]
[SourceTitle "playchess.com"]
[Source "ChessBase"]
[SourceQuality "1"]

{[%evp 20,55,15,16,16,18,27,22,14,30,8,19,35,25,36,15,18,29,36,32,74,0,0,0,0,0,0,0,0,0,0,0,16,16,16,15,10,12]} 1. d4 Nf6 2. c4 e6 3. Nf3 b6 4. g3 Ba6 5. b3 Bb4+ 6. Bd2 Be7 7. Bg2 d5 8. cxd5 exd5 9. Nc3 O-O 10. O-O Re8 11. a3 {LiveBook: 5 Games. E15: Queen's Indian: 4 g3 sidelines, 4 g3 Ba6 and 4 g3 Bb7 early deviations} c5 12. dxc5 bxc5 13. Ne5 {[%cal Bf3e5,Be5d3,Bd3f4][%mdl 32] White has an edge.} Bb7 {[#]} 14. Rc1 $146 ({Predecessor:} 14. Bf4 Nbd7 15. Nc4 Nb6 16. Na5 Ba6 17. b4 cxb4 18. axb4 Bxb4 {½-½ (36) Caruana,F (2794)-Karjakin,S (2760) Moscow 2016}) 14... Na6 15. Nd3 Rc8 16. Bg5 Ne4 17. Bxe7 Qxe7 18. Nxe4 dxe4 19. Nf4 e3 20. Bxb7 (20. Nd5 $16 Bxd5 21. Qxd5) 20... exf2+ $11 {The position is equal.} 21. Kxf2 Qxb7 22. Qd5 Qe7 23. Rc3 Nb8 {[%cal Ba6b8,Bb8d7,Bd7b6][%mdl 32]} 24. Kg1 Nd7 25. Qb7 Nb6 26. Qxe7 Rxe7 27. Rfc1 c4 28. bxc4 {Precision: White = 88%, Black = 63%.} 1/2-1/2

[Event "EICC 2017"]
[Site "Minsk"]
[Date "2017.06.10"]
[Round "11"]
[White "Movsesian, Sergei"]
[Black "Lenic, Luka"]
[Result "1/2-1/2"]
[WhiteElo "2680"]
[BlackElo "2641"]
[Annotator "TA"]
[PlyCount "102"]
[EventDate "2017.??.??"]
[EventCountry "BLR"]
[SourceTitle "playchess.com"]
[Source "ChessBase"]
[SourceQuality "1"]

{[%evp 21,102,2,8,-2,25,20,16,21,20,17,8,0,14,0,17,6,0,17,14,0,48,6,9,0,0,0,0,0,1,-8,18,18,18,18,18,18,18,18,21,18,18,7,27,7,13,7,7,7,7,7,7,0,0,0,0,0,0,0,0,0,0,0,0,0,0,0,0,0,0,0,0,0,0,0,0,0,0,0,0,0,0,0,0]} 1. e4 c5 2. Nf3 Nc6 3. Bb5 g6 4. Bxc6 dxc6 5. d3 Bg7 6. h3 Nf6 7. Nc3 O-O 8. Be3 b6 9. Qd2 e5 10. Bh6 {B31: Sicilian: 2...Nc6 3 Bb5 g6} Qd6 11. Nh2 Nh5 {LiveBook: 4 Games} 12. Bxg7 Kxg7 13. Ne2 $146 ({Predecessor:} 13. Ng4 f6 14. g3 Be6 15. Ne2 Rad8 16. O-O-O Kh8 17. f4 Rde8 {1-0 (48) Ivanchuk,V (2769)-Radjabov,T (2788) Astana 2012}) 13... a5 14. g4 Nf6 {[%cal Bh5f6,Bf6d7,Bd7e5][%mdl 32]} 15. f4 exf4 16. Nf3 Nd7 17. O-O-O f6 18. Qxf4 Qxf4+ 19. Nxf4 {[#] aiming for Ne6+.} Ne5 20. Rhf1 Bd7 21. Ng2 Be6 22. a3 Rad8 23. Ne3 b5 24. Rd2 Rf7 25. Rdf2 (25. b3 {feels hotter.} Nxf3 26. Rxf3 Ra8 27. Ng2 a4 28. Nf4) 25... Rdd7 (25... c4 {with more complications.} 26. Nxe5 fxe5 27. Rxf7+ Bxf7 28. dxc4 Rd4) 26. Nxe5 fxe5 27. Rxf7+ Rxf7 28. Rxf7+ Kxf7 $11 {[%mdl 4096] Endgame KB-KN} 29. h4 h6 30. Kd2 (30. a4 $5) 30... Ke7 31. Ke2 Kd7 32. Kf3 (32. a4 $5) 32... h5 {The position is equal.} 33. gxh5 gxh5 34. Ke2 Ke7 35. Kd2 Kd6 36. c3 c4 37. dxc4 bxc4 38. a4 Kd7 39. Ke2 Kd6 40. Kf3 Kd7 41. Kf2 Kd6 42. Ke1 Kd7 43. Nf1 Kd6 44. Kd2 Kd7 45. Kc2 Kd6 46. Nd2 Bf7 47. Kb1 Bg8 48. Ka2 Bf7 49. Ka3 Be6 50. Ka2 Bf7 51. Kb1 Be6 {Precision: White = 63%, Black = 86%.} 1/2-1/2

[Event "EICC 2017"]
[Site "Minsk"]
[Date "2017.06.10"]
[Round "11"]
[White "Areshchenko, Alexander"]
[Black "Demchenko, Anton"]
[Result "1-0"]
[WhiteElo "2677"]
[BlackElo "2629"]
[Annotator "TA"]
[PlyCount "93"]
[EventDate "2017.??.??"]
[EventCountry "BLR"]
[SourceTitle "playchess.com"]
[Source "ChessBase"]
[SourceQuality "1"]

{[%evp 21,93,34,37,33,29,27,36,15,28,31,53,53,44,45,45,45,45,45,45,45,54,39,41,39,68,68,68,67,76,81,83,94,104,104,112,97,100,95,100,102,131,85,115,110,120,74,76,70,169,97,127,93,121,121,110,111,106,38,97,99,465,437,638,306,693,693,756,735,675,640,529,513,2026,1685]} 1. e4 e5 2. Nf3 Nc6 3. Bb5 a6 4. Ba4 d6 5. O-O Bd7 6. d4 Nxd4 7. Bxd7+ Qxd7 8. Nxd4 exd4 9. Qxd4 Nf6 10. c4 Be7 11. Nc3 {[%cal Bb1c3,Bc3e2,Be2g3][%mdl 32]} O-O {LiveBook: 4 Games} 12. b3 {C72: Ruy Lopez: Deferred Steinitz: 5 0-0} c6 (12... Rfe8 13. Bb2 c6 14. Rad1 Rad8 15. Rfe1 Qe6 16. h3 Nh5 17. Qe3 h6 18. Ne2 Qg6 19. Nf4 Nxf4 20. Qxf4 {½-½ (33) Stellwagen,D (2622)-Kraemer,M (2520) Germany 2012}) 13. Bb2 Rad8 14. Rad1 {White is slightly better.} Qc7 15. Kh1 b5 $146 ({Predecessor:} 15... Ne8 16. Qd3 b5 17. Rd2 Qc8 18. Re2 Bf6 19. a3 Nc7 {1-0 (31) Hoad,P-Lobbenberg,H England 1950}) 16. Ne2 Rfe8 17. Ng3 d5 18. cxd5 cxd5 19. e5 Bc5 20. Qh4 Ne4 $1 {[%cal Re4f2]} 21. Nxe4 dxe4 22. Qxe4 Bxf2 23. Rxd8 Rxd8 24. e6 {Threatens to win with e7.} fxe6 25. Qxe6+ Kh8 26. h3 ({Of course not} 26. Qxa6 $6 Qc2 $11) 26... Bg3 27. Qxa6 Qd7 28. Qh6 Bb8 29. Qg5 {Threatening mate with Bxg7+!} Re8 {Black wants to play ...Qc7.} 30. Qc5 {White wants to mate with Rf8+.} Kg8 31. Bd4 h6 32. Bg1 Rc8 33. Qe3 Rc2 34. Qf3 {Qf8+ is the strong threat.} Rc8 {[#]} (34... Qc6 $14) 35. Qe4 (35. Rd1 $1 $18 {[%cal Rd1d7]} Qe8 36. Qf5) 35... Re8 36. Qg6 Re2 37. a4 bxa4 38. bxa4 $40 {[%mdl 128] aiming for a5. White goes for the king.} Qe6 39. Qb1 (39. Qxe6+ $16 Rxe6 40. Bh2 Bxh2 41. Kxh2) 39... Bd6 (39... Bc7 $1 $14) 40. a5 $16 {[%cal Ba4a5,Ba5a6][%mdl 32]} Qd5 $2 {[%mdl 8192]} (40... Ra2 $16 {is tougher.}) 41. Qg6 $18 Be7 (41... Qe6 $142 42. Qxe6+ Rxe6) 42. Qg4 (42. a6 $142) 42... Ra2 $2 {[#]} (42... Qe6 43. Qxe6+ Rxe6) 43. a6 $1 {[%mdl 512] White is clearly winning.} h5 (43... Rxa6 44. Qc8+) 44. Qg6 {And now Rf5 would win.} Ra3 45. Qe8+ Kh7 46. Qxe7 Rg3 (46... Rxa6 $142 47. Rf8 Re6) 47. Qb7 {Precision: White = 70%, Black = 36%.} 1-0

[Event "EICC 2017"]
[Site "Minsk"]
[Date "2017.06.10"]
[Round "11"]
[White "Safarli, Eltaj"]
[Black "Gelashvili, Tamaz"]
[Result "1/2-1/2"]
[WhiteElo "2668"]
[BlackElo "2563"]
[Annotator "TA"]
[PlyCount "82"]
[EventDate "2017.??.??"]
[EventCountry "BLR"]
[SourceTitle "playchess.com"]
[Source "ChessBase"]
[SourceQuality "1"]

{[%evp 22,82,49,38,47,39,99,91,85,114,110,105,104,114,119,119,122,109,114,114,102,108,108,74,73,52,89,89,93,68,90,65,83,82,99,43,29,0,0,0,0,0,0,0,0,0,0,0,0,0,0,0,0,0,0,0,0,0,0,0,0,0,0]} 1. e4 c5 2. Nf3 e6 3. d4 cxd4 4. Nxd4 Nc6 5. Nc3 Qc7 6. g3 a6 7. Bg2 Nf6 8. O-O d6 9. Re1 Bd7 10. Nxc6 bxc6 11. e5 {B80: Sicilian Scheveningen: 6 g3 and 6 Be3, including English Attack} dxe5 12. Qe2 {LiveBook: 3 Games} Bd6 13. b3 {[%mdl 1024] [#] White is slightly better. White has compensation.} Nd5 $146 (13... Ra7 $14) ({Predecessor:} 13... O-O 14. Bb2 Ra7 15. Nd1 c5 16. Bxe5 Bxe5 17. Qxe5 Bc6 18. Qxc5 Bxg2 19. Qxc7 Rxc7 20. Kxg2 Rxc2 {½-½ (51) Safarli,E (2653)-Ju,W (2548) Wijk aan Zee 2016}) 14. Bb2 $16 O-O {[#]} 15. Na4 $1 Rab8 16. c4 {[%cal Bc2c4,Bc4c5][%mdl 32]} Nb6 17. c5 ({Of course not} 17. Bxe5 $6 Nxa4 18. Bxd6 Qxd6 $11) 17... Nxa4 18. cxd6 ({Don't play} 18. bxa4 $6 Bxc5 19. Bxe5 Bd6 $11) 18... Qb6 19. Bxe5 ({Much weaker is} 19. bxa4 $6 Qxb2 20. Qxe5 Qa3 $11) 19... f6 20. bxa4 fxe5 21. Be4 Qd4 22. Rad1 Qxa4 23. Bc2 Qa5 24. Qh5 h6 25. Bb3 Rb5 26. Re3 Rf6 27. Qe2 Qb6 28. Rf3 (28. Re4 $16) 28... Rb4 $14 29. Rxf6 gxf6 {The position is equal.} 30. Bc4 f5 31. Qh5 Rxc4 32. Qg6+ Kh8 33. Qxh6+ Kg8 {[#] ...Rg4 is the strong threat.} 34. Qg6+ Kh8 35. Qf6+ Kg8 36. Qg5+ Kh8 37. Qf6+ Kg8 {Hoping for ...Rg4.} 38. Qg5+ Kh8 39. Qe7 Qb7 {aiming for ...Rg4.} (39... Rc2 $5 {[%cal Rb6f2]} 40. Qh4+ Kg7 41. Qg5+ Kh7 42. Qh5+ Kg8 43. Qg5+ Kf8 44. Qe7+ Kg8 45. Qg5+ Kh8 46. Qh5+ Kg8 47. Qg5+ $11) 40. Qf8+ Kh7 {And now ...Rg4 would win.} 41. Qf7+ Kh8 {Precision: White = 69%, Black = 69%.} 1/2-1/2

[Event "EICC 2017"]
[Site "Minsk"]
[Date "2017.06.10"]
[Round "11"]
[White "Anton Guijarro, David"]
[Black "Predke, Alexandr"]
[Result "1/2-1/2"]
[WhiteElo "2660"]
[BlackElo "2566"]
[Annotator "TA"]
[PlyCount "170"]
[EventDate "2017.??.??"]
[EventCountry "BLR"]
[SourceTitle "playchess.com"]
[Source "ChessBase"]
[SourceQuality "1"]

{[%evp 19,170,27,32,17,17,19,23,18,39,22,19,19,20,0,0,5,0,0,11,0,0,0,0,0,0,-27,2,0,0,0,0,0,10,6,6,6,6,4,4,7,8,8,12,6,14,3,3,2,2,0,0,0,0,0,0,0,0,0,0,0,0,0,0,0,0,0,0,0,22,22,22,22,22,22,22,22,22,22,22,22,22,22,22,22,22,22,22,22,22,22,22,22,22,22,22,0,22,22,22,22,22,22,22,22,22,22,22,22,22,22,22,22,22,22,22,22,22,22,22,22,22,22,22,22,22,22,22,22,22,22,22,22,22,22,22,22,22,0,22,22,22,0,22,0,0,0,0,0,0,0,0,0,1]} 1. d4 Nf6 2. c4 e6 3. Nf3 b6 4. g3 Bb7 5. Bg2 Bb4+ 6. Bd2 c5 7. Bxb4 cxb4 8. a3 {E16: Queen's Indian: 4 g3 Bb7 5 Bg2 Bb4+} bxa3 9. Nxa3 a5 10. O-O O-O {LiveBook: 5 Games} 11. b3 $146 ({Predecessor:} 11. Qb3 Na6 12. Ne5 Bxg2 13. Kxg2 Nb4 14. Nd3 Nxd3 15. Qxd3 d5 16. Rac1 Qd6 17. Nb5 {½-½ (46) Ponomariov,R (2764)-Efimenko,Z (2706) Khanty-Mansiysk 2011}) 11... Na6 12. Qd2 Nb4 13. Rfc1 Qe7 14. Nc2 (14. Ne5 $5 {[%cal Rg2b7]} Bxg2 15. Kxg2 $11) 14... Nxc2 15. Rxc2 Rfc8 16. h3 h6 17. Rcc1 d6 18. Qe3 Qd7 19. Nd2 Bxg2 20. Kxg2 a4 21. Qf3 Ra7 22. Rcb1 axb3 23. Rxa7 {The position is equal.} Qxa7 24. Qxb3 Qa8+ 25. Kg1 Ne4 26. Nxe4 Qxe4 $11 {[%mdl 4096] Endgame KQR-KQR} 27. Qd3 Qc6 28. d5 Qxc4 29. Qxc4 Rxc4 30. Rxb6 exd5 31. Rxd6 {KR-KR} Rc5 32. Kg2 h5 33. Rd8+ Kh7 34. g4 hxg4 35. hxg4 g5 36. Kf3 Kg6 37. Rd6+ f6 38. Rd7 Ra5 39. Kg3 Kh6 40. f3 Kg6 41. Kf2 Kh6 42. Ke3 Kg6 43. Re7 Kh6 44. Kd4 Kg6 45. e3 Ra4+ 46. Kxd5 Ra5+ 47. Ke4 Ra4+ 48. Kd3 Ra3+ 49. Ke2 Ra2+ 50. Ke1 Ra1+ 51. Kf2 Ra2+ 52. Kg3 Ra3 53. e4 Ra2 54. Rd7 Rb2 55. Rd1 Ra2 56. Rf1 Rd2 57. Rf2 Rd3 58. Ra2 Rb3 59. Kf2 Rc3 60. Ke2 Rb3 61. Rd2 Ra3 62. Rd3 Ra2+ 63. Ke3 Ra4 64. Rc3 Kf7 65. Kd3 Kg6 66. Kc2 Kf7 67. Rd3 Kg6 68. Kb3 Ra8 69. Rc3 Rb8+ 70. Kc2 Ra8 71. Rb3 Ra2+ 72. Kc3 Ra4 73. Kb2 Rd4 74. Kc2 Rc4+ 75. Rc3 Ra4 76. Rd3 (76. Kb3 $5 {[%cal Rb3a4]} Ra6 77. Rc5 $16) 76... Ra8 77. Kc3 Rc8+ 78. Kb4 Rb8+ 79. Kc4 Rc8+ 80. Kb5 Kf7 81. Rd5 Rc3 82. Rf5 {[#] Black must now prevent e5.} Kg6 83. Kb6 Rb3+ 84. Kc6 Ra3 85. Kc5 Rd3 {Precision: White = 58%, Black = 85%.} 1/2-1/2